| 000 | 00493nam a22001577a 4500 | ||
|---|---|---|---|
| 999 |
_c30595 _d30595 |
||
| 008 | 191125b ||||| |||| 00| 0 eng d | ||
| 020 | _a9780007356348 | ||
| 050 | _aPR 9387.9 .A35 2017 | ||
| 100 | _aAdichie, Chimamanda Ngozi | ||
| 245 |
_aAmericanah/ _cChimamanda Ngozi Adichie |
||
| 260 |
_aLondon : _b4th Estate, _c2017 |
||
| 300 |
_a447 p. ; _c20 cm. |
||
| 650 |
_aImmigrants _v Fiction. |
||
| 650 |
_aRefugees _vFiction. |
||
| 942 |
_2lcc _cAFRICANA _hPR 9387.9 .A35 2017 |
||